| 000 | 00979cam a2200277 a 4500 | ||
|---|---|---|---|
| 001 | 000018163 | ||
| 005 | 20240422104515.0 | ||
| 008 | 790215s1976 cr 001 0 spa d | ||
| 040 |
_aDO-SdBNP _bspa _cDLC _dBNPHU |
||
| 082 |
_aCh860.44 _bB142v |
||
| 100 | 1 |
_aBaeza Flores, Alberto, _d1914-1998 _97565 |
|
| 245 | 1 | 0 |
_aViajero en el recuerdo : _bmemorias en una tercera dimensión / _cAlberto Baeza Flores. |
| 260 |
_aSan José, Costa Rica : _bEdiciones Época y Ser, _c1976. |
||
| 300 |
_a391 p. : _bil. ; _c22 cm. |
||
| 490 | 1 | _aNarradores de hispanoamerica | |
| 490 | 1 | _aPoetas hispanoamericanos | |
| 490 | 1 | _aTiempos de ahora | |
| 650 | 4 |
_aLiteratura chilena _93164 |
|
| 651 | 4 |
_aChile _xColeccion De Escritos _939356 |
|
| 650 | 4 |
_aPoesía chilena _xColecciones _939357 |
|
| 830 | 0 |
_aNarradores de hispanoamerica ; _939358 |
|
| 830 | 0 |
_aPoetas hispanoamericanos ; _917384 |
|
| 830 | 0 |
_aTiempos de ahora ; _939359 |
|
| 910 | _aCatalogación por copia / LC | ||
| 049 | _aBNGR | ||
| 999 |
_c17684 _d17684 |
||